LEADER 00937cam0 22002531 450 001 SOBE00054019 005 20210909110635.0 010 $a9788891729477 100 $a20161122d2016 |||||ita|0103 ba 101 $aita 102 $aIT 200 1 $a<>fascino indiscreto della scarsità$equando limited edition, temporary store e altre manovre di marketing si scontrano con la rarità e il collezionismo$fStefano Sacchi 210 $aMilano$cF. Angeli$d2016 215 $a164 p.$cill.$d22 cm 700 1$aSacchi$b, Stefano$3SOBA00013657$4070$0508626 801 0$aIT$bUNISOB$c20210909$gRICA 850 $aUNISOB 852 $aUNISOB$j650$m167598 912 $aSOBE00054019 940 $aM 102 Monografia moderna SBN 941 $aM 957 $a650$b000023$gCON$d167598$n20161121$racquisto$tV$1menle$2UNISOB$3UNISOB$420161122154550.0$520210909110635.0$6menle 996 $aFascino indiscreto della scarsità$91726861 997 $aUNISOB